La condición humana actual y otros temas de la vida contemporánea

محفوظ في:
التفاصيل البيبلوغرافية
المؤلف الرئيسي: Fromm, Erich (مؤلف)
التنسيق: كتاب
اللغة:الإسبانية
منشور في: Barcelona Paidós 1981
سلاسل:Paidós Biblioteca Erich Fromm, 4
الموضوعات:
الوسوم: إضافة وسم
لا توجد وسوم, كن أول من يضع وسما على هذه التسجيلة!

MARC

LEADER 00000nam a2200000 a 4500
001 UCY7349
003 CL-VaPUC
008 950609e19810000SP |||||||||||||||||spa|d
020 |a 8449308550 
082 0 4 |a 302  |b FRO  |2 21 
100 0 |a Fromm, Erich  |e author  |9 315922 
245 1 3 |a La condición humana actual y otros temas de la vida contemporánea 
300 |a 122 p 
942 |c BK 
945 |d 19950609 00:00:00  |a cmena 
260 |a Barcelona  |b Paidós  |c 1981 
650 0 |a Psicología social   |9 222894 
650 0 |a Sociedad contemporánea  |9 337179 
650 0 |a Naturaleza humana   |9 308593 
650 0 |a Psicoanálisis   |9 265702 
650 0 |a Sexo  |9 257818 
650 0 |a Personalidad   |9 307255 
650 0 |a Conceptos morales   |9 310606 
583 |a last modification  |c 19950609 00:00:00  |k Rodrigo Vera 
490 0 |a Paidós Biblioteca Erich Fromm, 4 
999 |c 234751  |d 234749 
952 |0 0  |1 0  |4 0  |6 302_000000000000000_FRO_1981  |7 0  |8 P  |9 241427  |a BIBEDU  |b BIBEDU  |c BIBEDU_PB  |d 2019-11-18  |i 1519190  |o 302 FRO 1981  |p 1519190  |r 2024-01-25  |w 2019-11-18  |y BK  |k EDU 
952 |0 0  |1 0  |4 0  |6 302_000000000000000_FRO_1981  |7 0  |8 P  |9 241428  |a BIBEDU  |b BIBEDU  |c BIBEDU_PB  |d 2019-11-18  |i 4077709  |o 302 FRO 1981  |p 4077709  |r 2024-01-25  |w 2019-11-18  |y BK  |k EDU